Provinces of the Kingdom of the Two Sicilies on a Map - Statistics

General Stats
  • This quiz has been taken 57 times
  • The average score is 8 of 22
Answers on the Map
Answers color-coded by a green-red scale on the quiz's map according to % correct below.
 
Answer Stats
Arms Answer % Correct
Naples
98%
Palermo
89%
Terra di Bari
80%
Catania
77%
Messina
73%
Siracusa
73%
Basilicata
48%
Trapani
45%
Contado di Molise
39%
Caltanissetta
32%
Calabria Citra
18%
Calabria Ultra I
18%
Calabria Ultra II
18%
Terra di Lavoro
18%
Abruzzo Citra
16%
Abruzzo Ultra I
16%
Abruzzo Ultra II
16%
Capitanata
14%
Girgenti
14%
Principato Citra
11%
Principato Ultra
11%
Terra d'Otranto
11%
No matching quizzes found
Score Distribution
Percent of People with Each Score
Percentile by Number Answered
Your Score History
You have not taken this quiz